1743 1779 1488 1211 1820 1014 1498 1086 1563 1267 1831 1735 1136 1224 1800 1685 1085 1538 1601 1668 1747 1972 1800 1471 1575 1730 1474 1531 1938 1192 1896 1280 1340 1554 1567 1362 1906 1557 1391 1067 1767 1371 1262 1851 1659 1938 1921 1535 1035 1202 1312 1916 1898 1923 1501 1254 1788 1508 1527 1250 1403 1740 1405 1584 1364 1041 1351 1893 1429 1537 1805 1197 1417 1643 1065 1129 1080 1791 1144 1926 1161 1184 1924 1761 1893 1282 1088 1290 1185 1450 1827 1719 1449 1393 1885 1101 1285 1558 1363 BCNSPRNW ULIB Ver.6.0+V

เปลี่ยนเป็นภาษาไทย

Change to English
 แสดงรายละเอียดบรรณานุกรม
  กลับหน้าหลัก

Brief Record : Get Marc (ISO 2709) : E-mail record : QR code < ปิดหน้าต่าง
LEADER : 00000nam 2200000uu 4500
001    13399107941
003     ULIB
008    110210s2548||||th 000 0 tha d
020    9742937915 (ล.2)
060 04 WY157^bก496ก ล.2 2548
110 1  กระทรวงสาธารณสุข. ^bสถาบันพระบรมราชชนก.^bโครงการสวัสดิการวิชาการ
245 00 การพยาบาลสูติศาสตร์ เล่ม2 /^cบรรณาธิการ, วรรณรัตน์ จงเจริญยานนท์
250    พิมพ์ครั้งที่ 4
260    นนทบุรี :^bโครงการสวัสดิการวิชาการ สถาบันพระบรมราชชนกกระทรวงสาธารณสุข,^c2548
300     213 หน้า:^bภาพประกอบ ;^c26 ซม.
650  7 การพยาบาลสูติศาสตร์
700 0  วรรณรัตน์ จงเจริญยานนท์,^eบรรณาธิการ
710 2  กระทรวงสาธารณสุข. ^bสถาบันพระบรมราชชนก.^bโครงการสวัสดิการวิชาการ
945    ^p170^l0^i018730
945    ^p170^l0^i018728
945    ^p170^l0^i018727
945    ^p170^l0^i018729
945    ^p170^l0^i018726
945    ^p170^l0^i017456
945    ^p170^l0^i017457
995    ทศพร
999 ^a ใช้งานได้ทุกระบบ
รายการนี้ยังไม่มีแท็ก
คุณยังไม่ได้ล็อกอิน คุณสามารถมีกิจกรรมร่วมกับเว็บไซต์ได้ แต่ต้องล็อกอินก่อน ::
  ล็อกอิน

รายการสื่อสารสนเทศ

ลำดับที่ ประเภท เลขเรียก/บาร์โค้ด สถานที่ สถานะ
- ไม่พบข้อมูล -

รายการใกล้เคียง
    หัวเรื่อง [การพยาบาลสูติศาสตร์]

BibComment


ยังไม่เคยถูกคอมเมนท์

คอมเมนท์ทรัพยากรรายการนี้
  คอมเมนท์: การพยาบาลสูติศาสต..


 Copyright 2026. Bcnsprnw @Library